Acta sanctissimi Domini Nostri Pii divina providentia Papae Sexti in consistorio secreto habito feria secunda die 30 martii MDCCLXXXIX

Detalles Bibliográficos
Formato: Libro
Lenguaje:Undetermined
Latin
Publicado: Matriti : apud viduam & heredes D. Joachimi Ibarra, 1789.
Materias:
Colección:Banco de datos
Acervo:Biblioteca Palafoxiana. Colección bibliográfica
Descripción Física:22 p. ; 4°
Tema general:Pontífices
Notas:Ex libris en estampa: Josef María Couto Ybea. Número de localización: 1231-A
LEADER 00671nam a2200169Ia 4500
008 150723s9999 xx 000 0 und d
041 0 |a lat 
050 0 |a PAFX BX2030 A2 
245 1 0 |a Acta sanctissimi Domini Nostri Pii divina providentia Papae Sexti in consistorio secreto habito feria secunda die 30 martii MDCCLXXXIX 
260 |a Matriti : apud viduam & heredes D. Joachimi Ibarra, 1789. 
300 |a 22 p. ; 4° 
500 |a Ex libris en estampa: Josef María Couto Ybea. Número de localización: 1231-A 
501 |a Encuadernado con 4 obras 
650 1 0 |a Pontífices 
942 |c PALALIB 
943 |g Biblioteca Palafoxiana. Colección bibliográfica 
999 |c 1057543  |d 1057543